Nightwish - Ghost Love Score lyrics - Statistics

General Stats
  • This quiz has been taken 16 times
  • The average score is 247 of 380
Answer Stats
Answer % Correct
I
100%
you
100%
you)
100%
You
100%
you...
100%
be
86%
(Be
86%
for
86%
love
86%
My
86%
(My
86%
my
86%
swim
86%
to
86%
us
86%
used
86%
We
86%
A
71%
away
71%
Bring
71%
bring
71%
from
71%
heart
71%
in
71%
may
71%
May
71%
me,
71%
me
71%
moonlight
71%
Oceans
71%
of
71%
Of
71%
same
71%
So
71%
the
71%
The
71%
will
71%
will)
71%
world
71%
About
57%
again
57%
an
57%
and
57%
angel
57%
born
57%
Brings
57%
came
57%
care
57%
carried
57%
child
57%
day
57%
deep
57%
dream
57%
Eve
57%
ever
57%
Every
57%
every
57%
everything
57%
First
57%
have
57%
him
57%
If
57%
if
57%
into
57%
Into
57%
loves
57%
mine
57%
name,
57%
on
57%
Sang
57%
sea
57%
siren
57%
songs
57%
Still
57%
that
57%
That
57%
them
57%
true
57%
waters
57%
way,
57%
without
57%
write
57%
Adam
43%
beast
43%
before
43%
behind
43%
bleed
43%
blue
43%
cure
43%
Cut
43%
cut
43%
dark
43%
fall
43%
forever
43%
home
43%
I'll
43%
Just
43%
keep
43%
kill
43%
lead
43%
leave
43%
longing
43%
loss
43%
lost
43%
memory
43%
night
43%
old
43%
one
43%
or
43%
path
43%
Scent
43%
shoulders
43%
sin
43%
Singing
43%
sleep
43%
Take
43%
thee,
43%
there
43%
Time
43%
waking
43%
watching
43%
were
43%
Worth
43%
adoring
29%
advent
29%
another
29%
Forgive
29%
hangman's
29%
hold
29%
Like
29%
loop
29%
never
29%
noose
29%
our
29%
Relive
29%
wakeful
29%
when
29%
childhood
14%
myself
14%
Redeem
14%
say
14%
shell
14%
Show
14%
No matching quizzes found
Score Distribution
Percent of People with Each Score
Percentile by Number Answered
Your Score History
You have not taken this quiz